Complete Works Of Swami Vivekananda 1 (Record no. 16578)

MARC details
000 -LEADER
fixed length control field 00391nam a2200157Ia 4500
008 - FIXED-LENGTH DATA ELEMENTS--GENERAL INFORMATION
fixed length control field 220803s9999 xx 000 0 und d
020 ## - INTERNATIONAL STANDARD BOOK NUMBER
International Standard Book Number 9788175054110
041 ## - LANGUAGE CODE
Language code of text/sound track or separate title eng
082 ## - DEWEY DECIMAL CLASSIFICATION NUMBER
Classification number 823 BOD
100 ## - MAIN ENTRY--PERSONAL NAME
Personal name Bodhasarananda S Pub.
9 (RLIN) 25859
245 ## - TITLE STATEMENT
Title Complete Works Of Swami Vivekananda 1
250 ## - EDITION STATEMENT
Edition statement 2nd
260 ## - PUBLICATION, DISTRIBUTION, ETC. (IMPRINT)
Place of publication, distribution, etc. Kolkata
Name of publisher, distributor, etc. Advaita Ashrama
Date of publication, distribution, etc. 2013
300 ## - PHYSICAL DESCRIPTION
Extent 560p
500 ## - GENERAL NOTE
Keywords ARCHI
Holdings
Withdrawn status Lost status Damaged status Not for loan Home library Current library Date acquired Vendor Cost, normal purchase price Total Checkouts Total Renewals Full call number Barcode Date last seen Date last checked out Cost, replacement price Bill Date Koha item type Original Barcode
        Dr. Bhanuben Nanavati College of Architecture Dr. Bhanuben Nanavati College of Architecture 12/09/2017 MKSSS 70.62 3 1 823 BOD BNCA-BK-10317 12/08/2024 07/08/2024 70.62 12/09/2017 Books B10317
        Dr. Bhanuben Nanavati College of Architecture Dr. Bhanuben Nanavati College of Architecture 12/09/2017 MKSSS 70.62     823 BOD BNCA-BK-10318 03/08/2022   70.62 12/09/2017 Books B10318
        Dr. Bhanuben Nanavati College of Architecture Dr. Bhanuben Nanavati College of Architecture 12/09/2017 MKSSS 70.62     823 BOD BNCA-BK-10319 03/08/2022   70.62 12/09/2017 Books B10319
        Dr. Bhanuben Nanavati College of Architecture Dr. Bhanuben Nanavati College of Architecture 12/09/2017 MKSSS 70.62     823 BOD BNCA-BK-10320 03/08/2022   70.62 12/09/2017 Books B10320
        Dr. Bhanuben Nanavati College of Architecture Dr. Bhanuben Nanavati College of Architecture 12/09/2017 MKSSS 70.62     823 BOD BNCA-BK-10321 03/08/2022   70.62 12/09/2017 Books B10321
        Dr. Bhanuben Nanavati College of Architecture Dr. Bhanuben Nanavati College of Architecture 12/09/2017 MKSSS 70.62     823 BOD BNCA-BK-10322 03/08/2022   70.62 12/09/2017 Books B10322
        Dr. Bhanuben Nanavati College of Architecture Dr. Bhanuben Nanavati College of Architecture 12/09/2017 MKSSS 70.62     823 BOD BNCA-BK-10323 03/08/2022   70.62 12/09/2017 Books B10323
        Dr. Bhanuben Nanavati College of Architecture Dr. Bhanuben Nanavati College of Architecture 12/09/2017 MKSSS 70.62     823 BOD BNCA-BK-10324 03/08/2022   70.62 12/09/2017 Books B10324